=LDR 00000nam 2200000 4500 =001 INLIS000000000023932 =005 20200617070447 =035 ##$$a 0010-061300000023932 =008 200617################g##########0#ind## =041 ##$$a Ind =082 ##$$a 2X4.1 =090 ##$$a 2X4.1, Shi t =100 1#$$a Shihab, Quraish =245 1#$$a Fatwa-fatwa, Quraish Sihab /$c M. Quraish Shihab =260 ##$$a Jakarta :$b Mizan,$c 1996 =300 ##$$a 221 hlm, ; $c 11 x 17 cm =650 #4$$a Fatwa =850 ##$$a NBPNMAT =020 ##$$a 979-433-204-6 =084 ##$$a 2X4.1 SIH f =250 ##$$a cet.1 =990 ##$$a 00043018 =990 ##$$a 00050429 =990 ##$$a 08580858 =990 ##$$a 1200000568 =990 ##$$a 00043018 =990 ##$$a 00050429